Регионална библиотека "Любен Каравелов" - Русе

Съчинения на (Запис номер 429412)

MARC детайли
000 -Лидер
Контролно поле с фиксирана дължина nam a22 a 4500
003 - Код на организацията, давaща контролен номер
Контролно поле BLK
005 - Дата и час на последна редакция
Контролно поле 20210820162819.0
008 - Елементи от данни с фиксирана дължина
fixed length control field 210820b bu |||||r|||| 00| | bu d
040 ## - Източник на каталожния запис
Идентификатор на билиотеката - собственик на записа BLK
041 ## - Код за език
Код за езика на текст/звукозапис или на отделно заглавие Български
Код за езика КДБФ Български
080 ## - УДК
Текстов определител УДК Българска литература
УДК код - определител по УДК 821.163.2
УДК определител (081)
УДК - код + определител 821.163.2(081)
100 ## - Редна дума - Автор
R(LIN) 1299
Автор Китанчев, Трайко Цветков
Авторска отговорност първи автор
139 ## - Редно поле
Редна дума Китанчев, Трайко Цветков
245 ## - Сведения за заглавието
Заглавие Съчинения на
Подзаглавни данни Трайчо Китанчев
Редно поле (дума) нарежда Юрдан Иванов
260 ## - Област на издателските данни
9 (RLIN) 215574
Място на издаване, разпространение и проч. София
Име на издателя, разпространителя и проч. книж. Д. Голов
Година на издаване 1898
Печатница София: Ив. Г. Говедаров
300 ## - Физическа характеристика
Страници 59, 349, II с.
Илюстрации и др. 1 л. портр.
Размери/Мащаб 23 см
380 ## - Жанр
Жанр Худож. лит.
490 ## - СЕРИИ (Колекции)
9 (RLIN) 435080
Име на серия Колекция Редки и ценни издания
700 ## - Други автори (авторска отговорност)
9 (RLIN) 690
Лично име Иванов, Юрдан
Автороска отговорност (Описва отношението между автора и произведението) нарежда
852 ## - Местоположение
Форматна сигнатура Рб 898
Фондова буква Редки и ценни
999 ## - СИСТЕМНИ КОНТРОЛНИ НОМЕРА
Koha biblionumber 429412
Koha biblioitemnumber 429412
942 ## - АРТИКУЛИ
Вид на библиотечния материал Книги
Скрит в OPAC Не
Периодичен библиозапис Да
944 ## - СЪЗДАВАНЕ И РЕДАКЦИЯ на ЗАПИСА
Създаване/Редакция Създаване
Дата на регистрацията/редакция 2021-08-20
Служител, извършил регистрацията/редакцията А.М.
Наличности
Код за отписване Код за изгубен артикул Източник на класификационната схема Код за повреда Коз за рестрикции Код за отдаване Артикулен № Име на библиотеката - собственик Име на библиотеката, в която се намира в момента Статус (Текущо местоположение) Дата на вписване в системата Местоположение - отдел Цена в лева Инвентарен номер Систематично азбучна сигнатура Баркод Цена в евро Служебен тип на артикула
  Не е изгубен Universal Decimal Classification Не е повреден само за читалня Специални фондове ( старопечатни, редки и ценни, фонд М. Арнаудов) 853717 Регионална библиотека "Любен Каравелов" Русе Регионална библиотека "Любен Каравелов" Русе Редки и ценни 2021-09-21 Редки и ценни 0.28 9243 Рб 898 900000075466 0.14 Книги
  Не е изгубен Universal Decimal Classification Не е повреден само за читалня Специални фондове ( старопечатни, редки и ценни, фонд М. Арнаудов) 853718 Регионална библиотека "Любен Каравелов" Русе Регионална библиотека "Любен Каравелов" Русе Редки и ценни 2021-09-21 Редки и ценни 0.28 9243-а Рб 898 900000075458 0.14 Книги
Vip Innovations Ltd, Rousse, Bulgaria 2025